| 000 -ლიდერი |
| ფიქსირებული სიგრძის საკონტროლო ველი |
01640nam a2200265Ia 4500 |
| 001 - საკონტროლო ნომერი |
| საკონტროლო ველი |
18710 |
| 003 - საკონტროლო ნომრის იდენტიფიკატორი |
| საკონტროლო ველი |
GE_BSU |
| 005 - ბოლო ოპერაციის თარიღი და დრო |
| საკონტროლო ველი |
20220920162722.0 |
| 008 - ფიქსირებული სიგრძის მონაცემთა ელემენტები - ზოგადი ინფორმაცია |
| ფიქსირებული სიგრძის საკონტროლო ველი |
181216s2008||||ge |||||||||||||| ||geo|| |
| 040 ## - კატალოგიზაციის წყარო |
| Transcribing agency |
GE_BSU |
| 041 ## - ენის კოდი |
| Language code of text/sound track or separate title |
geo |
| 080 ## - უნივერსალური ათობითი კლასიფიკაციის ინდექსი |
| Universal Decimal Classification number |
59 ჟ-99 |
| 100 ## - მთავარი ჩანაწერი - პიროვნების სახელი |
| Personal name |
ჟღენტი, ლალი |
| 9 (RLIN) |
10538 |
| 245 ## - ცნობა სათაურის შესახებ |
| Title |
აჭარის თავისუფლადმცხოვრები ნემატოდები და რგოლოვანი ჭიები : დისერტაცია / |
| Statement of responsibility, etc |
ლალი ჟღენტი; სამეცნიერო ხელმძღვანელი ი. ელიავა. ე. ყვავაძე; ბათუმის შოთა რუსთაველის სახელმწიფო უნივერსიტეტი. |
| 264 ## - წარმოების, გამოცემის, დისტრიბუციის და სხვა ცნობები |
| გამოცემის, წარმოების, დისტრიბუციის... ადგილი |
ბათუმი, |
| გამოცემის, წარმოების, დისტრიბუციის... სახელწოდება |
|
| გამოცემის, წარმოების, დისტრიბუციის... თარიღი |
2008. |
| 300 ## - ფიზიკური აღწერა |
| Extent |
132 გვ. ; |
| Other physical details |
30 სმ. |
| 653 ## - INDEX TERM--UNCONTROLLED |
| Uncontrolled term |
აჭარის თავისუფლადმცხოვრები ნემატოდები და რგოლოვანი ჭიები. |
| 653 ## - INDEX TERM--UNCONTROLLED |
| Uncontrolled term |
დისერტაცია |
| 653 ## - INDEX TERM--UNCONTROLLED |
| Uncontrolled term |
ზოოლოგია |
| 653 ## - INDEX TERM--UNCONTROLLED |
| Uncontrolled term |
აჭარის ნემატოფაუნა |
| 700 ## - ADDED ENTRY--PERSONAL NAME |
| Personal name |
ელიავა, ი. |
| Relator term |
სამეცნიერო ხელმძღვანელი |
| 9 (RLIN) |
2643 |
| 700 ## - ADDED ENTRY--PERSONAL NAME |
| Personal name |
ყვავაძე, ე. |
| Relator term |
სამეცნიერო ხელმძღვანელი |
| 9 (RLIN) |
10539 |
| 710 ## - ADDED ENTRY--CORPORATE NAME |
| Corporate name or jurisdiction name as entry element |
ბათუმის შოთა რუსთაველის სახელმწიფო უნივერსიტეტი |
| 9 (RLIN) |
10540 |
| 942 ## - ADDED ENTRY ELEMENTS (KOHA) |
| Koha item type |
წიგნი |
| Source of classification or shelving scheme |
|